Nguyên lý di truyền và chọn giống thực vật

Đã lưu trong:
书目详细资料
主要作者: W Williams
格式: 图书
语言:Undetermined
出版: Hà Nội KHKT 1972
主题:
标签: 添加标签
没有标签, 成为第一个标记此记录!
Thư viện lưu trữ: Trung tâm Học liệu Trường Đại học Cần Thơ
LEADER 00495nam a2200169Ia 4500
001 CTU_8727
008 210402s9999 xx 000 0 und d
082 |a 581.15 
082 |b W728 
100 |a W Williams 
245 0 |a Nguyên lý di truyền và chọn giống thực vật 
245 0 |c W Williams, Đặng Văn Viện 
260 |a Hà Nội 
260 |b KHKT 
260 |c 1972 
650 |a genetics,heredity 
980 |a Trung tâm Học liệu Trường Đại học Cần Thơ